Cities, citadels and sights of the Near East : Francis Bedford's nineteenth-century photographs of Egypt, the Levant and Constantinople /

محفوظ في:

مؤلفون آخرون: Bedford, Francis, 1816-1894 (المصور)

التنسيق: كتاب

اللغة: English

منشور في: Cairo ; New York : The American University in Cairo Press, [2014].

الموضوعات:

الوسوم: إضافة وسم

لا توجد وسوم, كن أول من يضع وسما على هذه التسجيلة!

رقم الطلب: TR113.5 .B44

LEADER 01418nam a22002777a 4500
003 OSt
005 20251124132925.0
008 251124t20142014ua abc b 000 0deng d
020 |a 9789774166709 
040 |c ARCE Library 
050 1 4 |a TR113.5  |b .B44  
100 1 |a Bedford, Francis,   |d 1816-1894,   |e photographer. 
240 1 0 |a Cairo to Constantinople : Francis Bedford's photographs of the Middle East. 
245 1 0 |a Cities, citadels and sights of the Near East :   |b Francis Bedford's nineteenth-century photographs of Egypt, the Levant and Constantinople /   |c text by Sophie Gordon and Badr El Hage. 
264 1 |a Cairo ;   |a New York :   |b The American University in Cairo Press,   |c [2014]. 
300 |a 154 pages :   |b illustrations (some color), maps, portraits ;   |c 27 cm. 
500 |a "First published by the Royal Collection Trust in 2011 under the title, Cairo to Constantinople : Francis Bedford's photographs of the Middle East"--Title page verso. 
504 |a Includes bibliographical references (pages 153 -154). 
600 1 0 |a Bedford, Francis,   |d 1816-1894. 
600 0 0 |a Edward -- VII, -- King of Great Britain, -- 1841-1910. 
650 0 |a Travel photography -- Middle East -- History -- 19th century. 
700 1 |a Gordon, Sophie,   |e writer of supplementary textual content. 
700 1 |a Ḥājj, Badr,   |e writer of supplementary textual content. 
901 |a reviewed 
942 |2 lcc  |c BK 
999 |c 49303  |d 49303